Doubling Populations Quiz Stats

 Plays Quiz Updated Dec 23, 2018

Support Sporcle.
Go Orange.
Score 0/34 Timer 06:00
1 Play Today
Rank Country % Correct
2Niger
79%
26Sudan
68%
34Chad
67%
3Ethiopia
65.8%
7Democratic Republic of the Congo
61.5%
9Somalia
60.3%
17Rwanda
58.4%
1Uganda
56.9%
4Mali
56.6%
25Zimbabwe
53.7%
14Togo
51.9%
18Republic of the Congo
49.8%
32Liberia
49%
8Madagascar
48.9%
10Guinea
48.5%
33Eritrea
48.3%
21Senegal
47.6%
Rank Country % Correct
12Benin
45.4%
24Sierra Leone
44.4%
22The Gambia
43.2%
28Malawi
43.1%
11Burundi
42.2%
29Mauritania
42%
27Gabon
40.5%
5Burkina Faso
40.2%
23Equatorial Guinea
37.8%
6Yemen
36.8%
13Oman
34.2%
16Afghanistan
29.9%
15Comoros
27.5%
20São Tomé and Príncipe
26%
19Kuwait
23.4%
30Paraguay
12.1%
31Kiribati
8.5%

From the Vault

'J' Pictures by Category

by druhutch

Journey with us now, to the land of J. Just a short jaunt.
Remove Ads.
Support Sporcle.
Get the best of Sporcle when you Go Orange. This ad-free experience offers more features, more stats, and more fun while also helping to support Sporcle. Thank you for becoming a member.

Show Comments

Extras

Top Quizzes Today


Score Distribution

Your Account Isn't Verified!

In order to create a playlist on Sporcle, you need to verify the email address you used during registration. Go to your Sporcle Settings to finish the process.

Report this User

Report this user for behavior that violates our Community Guidelines.

Details: